Income, schooling and housing wealth during economic reforms
Porovnanie ľudského kapitálu a výnosov zo vzdelania pre skupiny domácností, ktoré vstúpili na trh práce pred a po hospodárskych reformách v roku 1990. Analýza determinantov nehnuteľného majetku domácností a vplyv na ich spotrebu.
Gespeichert in:
| 1. Verfasser: | |
|---|---|
| Weitere Verfasser: | |
| Format: | Buchkapitel |
| Sprache: | Englisch |
| Schlagworte: | |
| Tags: |
Keine Tags, Fügen Sie das erste Tag hinzu!
|
MARC
| LEADER | 00000naa a2200000 4500 | ||
|---|---|---|---|
| 001 | 0192034 | ||
| 005 | 20231010120719.2 | ||
| 041 | 0 | |a eng | |
| 044 | |a CZ | ||
| 245 | 1 | 0 | |a Income, schooling and housing wealth during economic reforms |c Jarko Fidrmuc, Matúš Senaj |
| 520 | |a Porovnanie ľudského kapitálu a výnosov zo vzdelania pre skupiny domácností, ktoré vstúpili na trh práce pred a po hospodárskych reformách v roku 1990. Analýza determinantov nehnuteľného majetku domácností a vplyv na ich spotrebu. | ||
| 610 | 2 | 0 | |a trh práce |
| 610 | 2 | 0 | |a reformy hospodárske |
| 610 | 2 | 0 | |a príjmy domácností |
| 610 | 2 | 0 | |a vzdelanie |
| 610 | 2 | 0 | |a bývanie |
| 610 | 2 | 0 | |a kapitál ľudský |
| 610 | 2 | 0 | |a prieskum |
| 610 | 2 | 0 | |a Slovensko |
| 100 | 1 | |a Fidrmuc, Jarko | |
| 700 | 1 | |a Senaj, Matúš | |